Jakimi drogami dojedziesz... #2 Wrocław - Statystyki

Ogólne statystyki
  • Ten quiz został rozwiązany 3 razy
  • Średni wynik to 1 z 15
Statystyki odpowiedzi
Hint Odpowiedź % Poprawnych
Poznań DK5/S5/S11/DK92
67%
Opole DK5/A4/DK46
33%
Katowice DK5/A4/DK86
0%
Rzeszów DK5/A4/DK97
0%
Szczecin DK5/A4/S3/A6/DK31
0%
Zielona Góra DK5/A4/S3/DK32
0%
Kraków DK5/A4/S52/DK7
0%
Warszawa DK5/S8/A1/A2
0%
Olsztyn DK5/S8/A1/A2/DK50/S7/S51/DK51
0%
Lublin DK5/S8/A1/A2/S2/S17
0%
Białystok DK5/S8/A1/A2/S8/DK8
0%
Bydgoszcz DK5/S8/A1/S10/DK10/DK25
0%
Gdańsk DK5/S8/A1/S6/S7/DK91
0%
Kielce DK5/S8/A1/S8/DK74
0%
Łódź DK5/S8/S14/DK14
0%
Nie znaleziono quizów pasujących do podanych kryteriów
Rozkład punktacji
Procent ludzi z każdym wynikiem
Percentyl według liczby udzielonych odpowiedzi
Twoja historia wyników
Nie rozwiązałeś tego quizu